Statistics for Countries by World Record

Click here to take the quiz!

General Stats

  • This quiz has been taken 929 times
  • The average score is 9 of 20

Answer Stats

World RecordCountry% Correct
Highest mountain (8848m)Nepal
98%
The tallest building in the world (830m)United Arab Emirates
90%
Most FIFA World Cups won (5)Brazil
89%
Fastest man to run 100m (9.58s)Jamaica
89%
Most medals won at the Winter Olympics (405)Norway
78%
Fastest man to run a marathon (2:01:39)Kenya
65%
Tallest waterfall (979m)Venezuela
65%
Most expensive cheesecake (4,592.42)United States
55%
Most followers on twitter for an athlete (>105 million)Portugal
53%
Shortest woman alive (61.95cm)India
50%
Largest crocodile in captivity (5.48m)Australia
41%
Youngest Nobel Peace Prize winner (17 years)Pakistan
37%
Fastest time to solve a Rubiks cube (3.47 seconds)China
28%
Most people modelling on a catwalk at one show (3651)United Kingdom
27%
Fastest average internet connection (60.39 mbps)Singapore
23%
First man to break the sound barrier (2012)Austria
19%
Youngest person to travel to all sovereign countries (24y 48d)Canada
14%
Largest nose on a living person (8.8cm)Italy
8%
Oldest remains of anatomically modern humans (~300 000 years)Morocco
6%
Largest collection of sick bags by a person (6291)Netherlands
4%

Score Distribution

Percentile by Number Answered

Percent of People with Each Score

Your Score History

You have not taken this quiz